000 00309nam a2200133 i 4500
001 bg
100 1 _aHAŁYS, Józef
245 0 _aPiłka nożna w Polsce.
_nT. 1 /
_cJózef Hałys.
260 _aKraków,
_c1981.
040 _cBPK
041 _apol
942 _cKS
008 s pl f |000 0 pol
999 _c20729
_d20729
856 _uhttp://koha.tu.koszalin.pl/cgi-bin/koha/opac-detail.pl?biblionumber=20729
_yKatalog online BPK